| 000 | 00545nam a2200169Ia 4500 | ||
|---|---|---|---|
| 008 | 090711s9999 xx 000 0 und d | ||
| 082 | _b51971 | ||
| 100 | _aसुर्वे नारायण | ||
| 245 | _aसर्व सुर्वे | ||
| 260 |
_bडिंपल पब्लिकेशन _c1985 |
||
| 300 | _a624 | ||
| 600 | _aसुर्वे नारायण | ||
| 630 | _aसर्व सुर्वे | ||
| 700 | _aसुर्वे नारायण | ||
| 730 | _aसर्व सुर्वे | ||
| 942 | _cBOOK | ||
| 999 |
_c329427 _d329427 |
||